Statistics for Fill in the Wiki Blanks - Italy

Click here to take the quiz!

General Stats

  • This quiz has been taken 7 times
  • The average score is 12 of 20

Answer Stats

Fill 'em in!% Correct
Between 1992 and 1993, Italy faced terror attacks perpetrated by the Sicilian {Mafia}.
100%
It has the world's largest number of World {Heritage} Sites (59), and is the world's fifth-most visited country.
100%
In 2009, {Milan} was declared the "fashion capital of the world" by Global Language Monitor itself.
86%
Italy's national {football} team is one of the world's most successful teams.
86%
{Rome} over the course of centuries grew into a massive empire stretching from Britain to the borders of Persia.
86%
The {Greek} colonization placed the Italic peoples in contact with democratic forms of government.
86%
The Holy See, the episcopal jurisdiction of Rome, contains the central government of the {Catholic} Church.
86%
{Galileo} Galilei, an astronomer, physicist, engineer, and polymath, played a major role in the Scientific Revolution.
71%
The {Mediterranean} diet forms the basis of Italian cuisine, rich in pasta, fish, fruits and vegetables.
71%
Italy is the world's largest {wine} producer, and one of the leading in olive oil.
57%
Italy was the birthplace and heart of the {Renaissance} during the 1400s and 1500s.
57%
{Michelangelo} was active as a sculptor from 1500 to 1520; his works include his David, Pietà, and Moses.
57%
Italy has been the final destination of the {Silk} Road for many centuries.
43%
Northern and central Italy were reorganised by {Napoleon} as a number of Sister Republics of France.
43%
The Italian {wolf} is the national animal of Italy, while the national tree is the strawberry tree.
43%
The Republic of Venice was able to defeat the {Byzantine} Empire and finance the voyages of Marco Polo to Asia.
43%
The {Venice} Film Festival is the oldest film festival in the world.
43%
Italian {Fascism} is based upon Italian nationalism and imperialism.
29%
Invasions of the peninsula resulted in a chaotic succession of {barbarian} kingdoms.
14%
The Teatro di San Carlo in Naples is the oldest continuously active venue for public {opera} in the world.
14%

Score Distribution

Percentile by Number Answered

Percent of People with Each Score

Your Score History

You have not taken this quiz